• 首页
  • 本馆介绍
  • 公告通知
  • 最新文献
  • 馆藏检索
  • 电子资源
  • 读者导购
  • 参考咨询
  • 我的图书馆
  • 登录
  • 详细信息显示
  • 放入我的书架
  • 预约/预借图书
  • 作者相关作品
  • 分类相关作品
  • 丛书相关作品
  • 出版社相关作品

书目信息

  • 表格格式
  • 工作单格式
  • 卡片格式
题名:
生物学
    
 
作者: 支小平 , 徐新麒 , 杨志坚 主编
分册:  
出版信息: 北京   航空工业出版社  2014
页数: 377页
开本: 26cm
丛书名:
单 册:
中图分类: Q-43
科图分类:
主题词: 生物学--高等职业教育--教材
电子资源:
ISBN: 978-7-5165-0571-7
000 00992nam0 2200277 450
001 0400001951
005 20171025155312.17
010    @a978-7-5165-0571-7@dCNY36.00
100    @a20151327e20162014em y0chiy50 ea
101 0  @achi
102    @aCN@b110000
105    @aa az 000yy
106    @ar
200 1  @a生物学@9sheng wu xue@f支小平,徐新麒,杨志坚主编
210    @a北京@c航空工业出版社@d2014@h2016.4
215    @a377页@c图@d26cm
300    @a高等职业教育“十二五”规划教材
320    @a有书目(第377页)
330    @a本书共分12章,内容涵盖生命的物质基础、生命的结构基础、生物的新陈代谢、生命活动的调节、生物的生殖和发育、遗传与变异、生命的起源与进化、多彩的植物、多姿的动物、神奇的微生物、生态与环境以及生物技术的发展和应用。
606 0  @a生物学@x高等职业教育@j教材
690    @aQ-43@v5
701  0 @a支小平@9zhi xiao ping@4主编
701  0 @a徐新麒@9xu xin qi@4主编
701  0 @a杨志坚@9yang zhi jian@4主编
801  0 @aCN@b91MARC@c20171019
905    @b1026056-60@dQ-43@f5@e88
    
    生物学/支小平,徐新麒,杨志坚主编.-北京:航空工业出版社,2014(2016.4)
    377页:图;26cm
    高等职业教育“十二五”规划教材
    
    ISBN 978-7-5165-0571-7:CNY36.00
    本书共分12章,内容涵盖生命的物质基础、生命的结构基础、生物的新陈代谢、生命活动的调节、生物的生殖和发育、遗传与变异、生命的起源与进化、多彩的植物、多姿的动物、神奇的微生物、生态与环境以及生物技术的发展和应用。
●
相关链接 在E读中查询图书 在五车中查询图书 在当当中查询图书 在豆瓣中查询图书


正题名:生物学     索取号:Q-43/88         预约/预借

序号 登录号 条形码 馆藏地/架位号 状态 备注
1 1026056   210260563   第二样本阅览室/ [索取号:Q-43/88] 在馆    
2 1026057   210260572   第三借阅区/ [索取号:Q-43/88] 在馆    
3 1026058   210260581   第三借阅区/ [索取号:Q-43/88] 在馆    
4 1026059   210260590   第三借阅区/ [索取号:Q-43/88] 在馆    
5 1026060   210260607   密集书库-生命科学系/ [索取号:Q-43/88] 在馆    
唐山师范学院图书馆 欢迎您!
大连网信软件有限公司© 版权所有